L'analyse du texte et de l'image en espagnol (notice n° 1982892)
[ vue normale ]
| 000 -LEADER | |
|---|---|
| fixed length control field | 01268cam a2200133 4500500 |
| 005 - DATE AND TIME OF LATEST TRANSACTION | |
| control field | 20260329043103.0 |
| 041 ## - LANGUAGE CODE | |
| Language code of text/sound track or separate title | fre |
| 042 ## - AUTHENTICATION CODE | |
| Authentication code | dc |
| 100 10 - MAIN ENTRY--PERSONAL NAME | |
| Personal name | Terrasa, Jacques |
| Relator term | author |
| 245 00 - TITLE STATEMENT | |
| Title | L'analyse du texte et de l'image en espagnol |
| 260 ## - PUBLICATION, DISTRIBUTION, ETC. | |
| Name of publisher, distributor, etc. | Armand Colin,<br/> |
| Date of publication, distribution, etc. | 2021.<br/> |
| 520 ## - SUMMARY, ETC. | |
| Summary, etc. | Comment analyser un poème, un texte narratif, un article de presse, un extrait de pièce de théâtre ? Quels outils méthodologiques utiliser pour commenter un tableau, une photographie, une séquence filmique, une publicité ? Les étudiants et les jeunes professeurs trouveront dans cet ouvrage une méthode riche et précise dans les deux langues ainsi que des études de textes et d’œuvres iconographiques. D’un sonnet de Quevedo à un extrait de roman de Javier Marías, d’une peinture sur bois de Goya à une photographie de Graciela Iturbide ou une séquence d’un film d’Almodóvar, les 15 analyses de documents proposées offrent des exemples d’application de la méthodologie exposée ainsi qu’un panorama vaste et représentatif de la culture espagnole et hispano-américaine du XVIIe siècle à nos jours. |
| 856 41 - ELECTRONIC LOCATION AND ACCESS | |
| Uniform Resource Identifier | <a href="https://shs.cairn.info/l-analyse-du-texte-et-de-l-image-en-espagnol--9782200628130?lang=fr&redirect-ssocas=7080">https://shs.cairn.info/l-analyse-du-texte-et-de-l-image-en-espagnol--9782200628130?lang=fr&redirect-ssocas=7080</a> |
Pas d'exemplaire disponible.




Réseaux sociaux